Normal view
MARC view
- Río, Pilar del,
Entry Nombre Personal
001 - NUMERO DE CONTROL
- campo de control: 44480
003 - IDENTIFICADOR DE NUMERO DE CONTROL
- campo de control: UPN
005 - FECHA Y HORA DE LA ÜLTIMA TRANSACCIÓN
- campo de control: 20220524182410.0
008 - DATOS DE LONGITUD FIJA
- campo de control de longitud fija: 220520n| acnnnaabn | a|a d
040 ## - FUENTE DE CATALOGACIÓN
- Agencia original de catalogación: MX-MxUPN
100 1# - ENCABEZAMIENTO - NOMBRE PERSONAL
- Nombre personal: Río, Pilar del,
- Fechas asociadas con el nombre: 1950-
374 ## - OCUPACIÓN
- Fuente del término: LEMB
- Occupation: Traductores
400 1# - VEÁSE - NOMBRE DE PERSONA
- Personal name: Río Sánchez, María del Pilar del,
- Dates associated with a name: 1950-
670 ## - FUENTE EN LA QUE SE LOCALIZARON DATOS
- Cita de la fuente: Wikipedia, 20-05-2022:
- Información localizada: (María del Pilar del Río Sánchez (Castril,1 Granada, 15 de marzo de 1950) es una periodista y traductora española)
670 ## - FUENTE EN LA QUE SE LOCALIZARON DATOS
- Cita de la fuente: El cuaderno, 2009 :
- Información localizada: port. (Pilar del Río)
678 ## - DATOS BIOGRÁFICOS O HISTÓRICOS
- Biographical or historical data: María del Pilar del Río Sánchez (Castril, Granada, 15 de marzo de 1950) es una periodista y traductora española.
902 ## - CATALOGADOR
- Catalogador: VAGG/220522
